| 000 | 00767nam a2200229 a 4500 | ||
|---|---|---|---|
| 001 | 000037877 | ||
| 005 | 20241130074013.0 | ||
| 008 | 130307s2012 dr 000 j spa d | ||
| 020 | _a9789945006223 | ||
| 040 |
_aDO-SdBNP _bspa _cBNPHU |
||
| 082 |
_aRD863.44 _bP397L |
||
| 100 | 1 |
_aPeña Nina, Domingo _919121 |
|
| 245 | 1 | 0 |
_aLaberinto de ilusiones / _cDomingo Peña Nina ; prólogo Odalís G. Pérez. |
| 260 |
_aSanto Domingo : _bP.E.N, _c2012. |
||
| 300 |
_a178 P. ; _c24 cm. |
||
| 500 | _aIncluye datos biográficos del autor en las solapas | ||
| 590 | _aInventariado, 2020/MAA | ||
| 650 | 0 |
_aCuentos dominicanos _9176 |
|
| 650 | 0 |
_aLiteratura dominicana. _967 |
|
| 700 | 1 | 2 |
_aPérez, Odalís _d1952- _epról. _923828 |
| 910 | _aValidado. Control de calidad MFF | ||
| 999 |
_c37367 _d37367 |
||